Marketing para turismo

Guardat en:
Dades bibliogràfiques
Autors principals: Kotler, Philip (Autor), Bowen, John (Autor), Makens, James (Autor)
Format: Llibre
Idioma:espanyol
Publicat: Madrid Pearson Educación 2004
Edició:3a. ed
Matèries:
Etiquetes: Afegir etiqueta
Sense etiquetes, Sigues el primer a etiquetar aquest registre!

MARC

LEADER 00000nam a2200000 a 4500
001 UCI5158
003 CL-VaPUC
008 080314e20040000SP |||||||||||||||||spa|d
020 |a 8420538957 
082 0 4 |a 658.8  |b KOT  |2 21 
100 |a Kotler, Philip  |e author  |9 578348 
700 0 |a Bowen, John  |e author  |9 527272 
700 0 |a Makens, James  |e author  |9 527273 
245 1 0 |a Marketing para turismo 
250 |a 3a. ed 
300 |a 565 p 
942 |c BK 
945 |d 20080314 00:00:00  |a jtorresc 
260 |a Madrid  |b Pearson Educación  |c 2004 
650 0 |a Marketing  |9 259324 
650 0 |a Administración de empresas   |9 260833 
650 0 |a Turismo  |9 308920 
650 0 |a Planificación estratégica   |9 259735 
650 0 |a Toma de decisiones   |9 257530 
650 0 |a Gestión de servicios  |9 454827 
583 |a last modification  |c 20080314 00:00:00  |k Rodrigo Vera 
999 |c 328921  |d 328919 
952 |0 0  |1 0  |4 0  |6 658_800000000000000_KOT_2004  |7 0  |8 A  |9 413114  |a BIBING  |b BIBING  |d 2019-11-22  |i 465885K  |o 658.8 KOT 2004  |p 465885K  |r 2025-01-20  |w 2019-11-22  |y BK  |k GEO